00699nam a22001937a 450000500170000000800410001702000150005804000550007304100080012810000260013624500890016226000440025130000180029549000240031360000560033760000660039365000310045965000150049020211111082013.0130821s2001 ag gr spa  a9504001742 aCo-BoUCMbspacDeissy Garcia (modificó)d[Nuevo]00aspa1 aPalti, Elías José10aAporías tiempo, modernidad, historia, sujeto, nación, leycElías José Palti aBuenos Aires (Argentina)bAlianzac2001 a279 páginas0 aAlianza estudiov4714aHabermas, Jürgend1929-xPensamiento filosófico14aHerder, Johann Gottfriedd1744-1803xPensamiento filosófico04aFilosofía de la historia04aModernidad